GéoGuessr - Devinez le pays 2 - Statistiques

Statistiques générales
  • Ce quiz a été pris 532 fois
  • Le résultat moyen est 3 sur 8
Statistiques - réponses
Par images Hint Réponse % Correct
Tu vois un drapeau ? Brésil
98%
Il suffit de deux petites lettres Guatemala
59%
Allez le panneau là Norvège
58%
C'est quoi cet alphabet ? Bulgarie
38%
Cet endroit a l'air désert... Jordanie
28%
Elle dit quoi la pub là ? Tunisie
23%
Des montagnes et des forêts ? Autriche
21%
Quels jolis arbres ! Malaisie
13%
Aucun quiz correspondant
Distribution des résultats
% des personnes avec chaque résultat
Percentile par nombre de réponses
Votre historique - résultats
Vous n’avez pas pris ce quiz